Biotechnology and its application in horticulture ed by S P Ghosh (Record no. 1209269)

MARC details
000 -LEADER
fixed length control field 00998nam a2200277Ia 4500
003 - CONTROL NUMBER IDENTIFIER
control field OSt
005 - DATE AND TIME OF LATEST TRANSACTION
control field 20221007121730.0
008 - FIXED-LENGTH DATA ELEMENTS--GENERAL INFORMATION
fixed length control field 221006b |||||||| |||| 00| 0 eng d
020 ## - INTERNATIONAL STANDARD BOOK NUMBER
International Standard Book Number 817319288X (hbd)
037 ## - SOURCE OF ACQUISITION
Terms of availability Textual
040 ## - CATALOGING SOURCE
Original cataloging agency BDL
Transcribing agency BDL
Language of cataloging eng
041 ## - LANGUAGE CODE
Source of code eng
Language code of text/sound track or separate title eng
100 ## - MAIN ENTRY--PERSONAL NAME
Personal name Ghosh S P Ed
9 (RLIN) 712830
245 #0 - TITLE STATEMENT
Title Biotechnology and its application in horticulture ed by S P Ghosh
260 ## - PUBLICATION, DISTRIBUTION, ETC.
Place of publication, distribution, etc. New
Name of publisher, distributor, etc. Delhi Narosa Publishing House
Date of publication, distribution, etc. 1999
300 ## - PHYSICAL DESCRIPTION
Extent x,361p
Dimensions cm.
500 ## - GENERAL NOTE
General note Includes bibliographical references; ^n23/CSL/Carb/99-2000/806^d2000-02-09^mPurchase; ; 99-2000/382^b2000-02-24^c147/99^d2000-02-19^eRs.2,984.00^fN R Book Distributors; ; 2000-03-06^c2000-02-06^r2000-04-28
650 ## - SUBJECT ADDED ENTRY--TOPICAL TERM
Topical term or geographic name entry element Horticulture biotechnology
9 (RLIN) 712831
650 ## - SUBJECT ADDED ENTRY--TOPICAL TERM
Topical term or geographic name entry element Agriculture
942 ## - ADDED ENTRY ELEMENTS (KOHA)
Classification part J1:(G:F), N9
Koha item type Textual
Source of classification or shelving scheme Colon Classification (CC)
Holdings
Withdrawn status Lost status Source of classification or shelving scheme Damaged status Not for loan Home library Current library Date acquired Source of acquisition Total Checkouts Full call number Barcode Date last seen Price effective from Koha item type
    Colon Classification (CC)     Department of Botany Library Department of Botany Library 2022-10-07 N R,   J1:(G:F) N9 BD0004642 2022-10-07 2022-10-07 Textual
Copyright @ Delhi University Library System